00957cam a22002531 450000100060000000300080000600500170001400800390003103500190007003500190008904000290010804100080013708200250014510000340017024501140020426000290031830000300034765000670037765000660044465000270051094200120053799900170054995201370056628625BD-RjUL20211209051316.0140331s1955 enka 000 0 eng a(BD-RjUL)28706 a(OCoLC)2131287 aDLCcGUdOCoLCdDLCbeng aeng a940.548154bDUS 19551 aDurrani, Mahmood Khan.98762414aThe sixth column :bthe heroic personal story of Lt. Col. Mahmood Khan Durrani, G. C. /cMahmood Khan Durrani aLondon :bCassell,c1955 a 367 p. :bill. ;c22 cm. 0aWorld War, 1939-1945xPersonal narratives, East Indian.978891 0aWorld War, 1939-1945xPrisoners and prisons, Japanese.987625 0aMuslimszIndia.987626 2ddccBK c28625d28625 00102ddc40728NFICaRUCLbRUCLcReadingd1956-11-17eABCg14.10l0o940.548154 DUS 1955r2014-03-31 00:00:00tC-1w2014-03-31yBK